| 000 | 01510cam a22002413a 4500 | ||
|---|---|---|---|
| 001 | 11675 | ||
| 003 | PGUSA | ||
| 005 | 20140828083239.0 | ||
| 008 | 040301s2004||||xxu|||||s|||||000 e eng d | ||
| 040 |
_aPGUSA _beng |
||
| 042 | _adc | ||
| 050 | 4 | _aPR | |
| 100 | 1 |
_aLe Gallienne, Richard, _d1866-1947 |
|
| 245 | 1 | 0 |
_aVanishing Roads and Other Essays _h[electronic resource] / _cRichard Le Gallienne |
| 260 |
_bProject Gutenberg, _c2004 |
||
| 505 | 0 | _aVanishing roads -- Woman as a supernatural being -- The lack of imagination among millionaires -- The passing of Mrs. Grundy -- Modern aids to romance -- The last call -- The persecutions of beauty -- The many faces: the one dream -- The snows of yester-year -- The psychology of gossip -- The passing away of the editor -- The spirit of the open -- An old American tow-path -- A modern Saint Francis -- The little ghost in the garden -- The English countryside -- London: changing and unchanging -- The haunted restaurant -- The new Pyramus and Thisbe -- Two wonderful old ladies -- A Christmas meditation -- On re-reading Walter Pater -- The mystery of "Fiona Macleod" -- Forbes-Robertson: an appreciation -- A memory of Frédéric Mistral -- Imperishable fiction -- The man behind the pen -- Bulls in china-shops -- The Bible and the butterfly. | |
| 506 | _aPublic domain in the USA. | ||
| 516 | _aElectronic text | ||
| 653 | _aEnglish essays | ||
| 830 | 0 |
_aProject Gutenberg _v11675 |
|
| 856 | 4 | 0 | _uhttp://www.gutenberg.org/ebooks/11675 |
| 942 | _cEB | ||
| 999 |
_c240930 _d240930 |
||